01018nam a2200277 a 450000100060000000300080000600500170001400800410003103500200007204000410009204100080013308200260014110000260016724500610019325000120025426000730026630000280033949000480036750400280041565000300044370000410047383000560051494200120057099900170058295201410059959804BD-RjUL20211209080754.0730306r19661962nyua b 000 0 eng  a(BD-RjUL) 59928 aDLCcODaWUdOCoLCdDLCdBD-RjULbeng aeng a355.425223bPAG 19661 aParet, Peter.917797910aGuerrillas in the 1960's /cPeter Paret and John W. Shy. a2nd ed. aNew York :bCenter of International Studies, cc1962 [Printing 1966] a98 p. :bill. ;c21 cm. aPrinceton studies in world politics,vno. 1 aBibliography: p. 85-98. 0aGuerrilla warfare91775331 aShy, John W.,ejoint author.9177980 aPrinceton studies in world politics,vno. 19177982 2ddccBK c59804d59804 00102ddc40718NFICaRUCLbRUCLcReadingd1969-01-24eZeitlingerg33.00l0o355.425 PAG 1966r2016-12-27 00:00:00tC-1w2016-12-27yBK